Learning Resource and Development

Colonial South Carolina. (Record no. 23448)

MARC details
000 -LEADER
fixed length control field 01171cam a2200301 4500
001 - CONTROL NUMBER
control field colonialsouthcar00burn
003 - CONTROL NUMBER IDENTIFIER
control field CaSfIA
005 - DATE AND TIME OF LATEST TRANSACTION
control field 20230525155209.0
007 - PHYSICAL DESCRIPTION FIXED FIELD--GENERAL INFORMATION
fixed length control field cr||||
008 - FIXED-LENGTH DATA ELEMENTS--GENERAL INFORMATION
fixed length control field 700525s1970 njuabc j b 001 0 eng
035 ## - SYSTEM CONTROL NUMBER
-- (DLC) 73104732
010 ## - LIBRARY OF CONGRESS CONTROL NUMBER
LC control number 73104732
040 ## - CATALOGING SOURCE
Original cataloging agency DLC
Transcribing agency DLC
Modifying agency DLC
-- CaSfIA
042 ## - AUTHENTICATION CODE
Authentication code lcac
043 ## - GEOGRAPHIC AREA CODE
Geographic area code n-us-sc
050 00 - LIBRARY OF CONGRESS CALL NUMBER
Classification number F272
Item number .B8
082 00 - DEWEY DECIMAL CLASSIFICATION NUMBER
Classification number 975.7/02
100 1# - MAIN ENTRY--PERSONAL NAME
Personal name Burney, Eugenia.
245 10 - TITLE STATEMENT
Title Colonial South Carolina.
Medium [electronic resource]
260 ## - PUBLICATION, DISTRIBUTION, ETC.
Place of publication, distribution, etc. [Camden, N.J.]
Name of publisher, distributor, etc. T. Nelson
Date of publication, distribution, etc. [1970]
300 ## - PHYSICAL DESCRIPTION
Extent 176 p.
Other physical details illus., maps, ports.
Dimensions 22 cm.
520 ## - SUMMARY, ETC.
Summary, etc. Traces the history of South Carolina from the arrival of the white man through the colony's role in the Revolutionary War.
504 ## - BIBLIOGRAPHY, ETC. NOTE
Bibliography, etc. note Bibliography: p. 166.
651 #0 - SUBJECT ADDED ENTRY--GEOGRAPHIC NAME
Geographic name South Carolina
General subdivision History
Chronological subdivision Colonial period, ca. 1600-1775
General subdivision Juvenile literature.
651 #1 - SUBJECT ADDED ENTRY--GEOGRAPHIC NAME
Geographic name South Carolina
General subdivision History
Chronological subdivision Colonial period, ca. 1600-1775.
856 41 - ELECTRONIC LOCATION AND ACCESS
Uniform Resource Identifier <a href="http://www.archive.org/details/colonialsouthcar00burn">http://www.archive.org/details/colonialsouthcar00burn</a>
Public note Free eBook from the Internet Archive
856 42 - ELECTRONIC LOCATION AND ACCESS
Uniform Resource Identifier <a href="http://www.openlibrary.org/books/OL5444655M">http://www.openlibrary.org/books/OL5444655M</a>
Public note Additional information and access via Open Library
Holdings
Withdrawn status Lost status Damaged status Not for loan Collection Home library Current library Date acquired Total Checkouts Full call number Date last seen Price effective from Koha item type
        Project Gutenberg Main Library Main Library 05/25/2023   F272 .B8 05/25/2023 05/25/2023 EBooks